[Event "ROM-ch U18 Girls"]
[Site "Calimanesti"]
[Date "2014.04.11"]
[Round "7"]
[White "Prunariu, Ana Maria"]
[Black "Ciocan, Clara Theodora"]
[Result "1-0"]
[WhiteElo "1587"]
[BlackElo "1529"]
[PlyCount "109"]
[EventDate "2014.04.06"]
[EventType "tourn"]
[EventRounds "9"]
[EventCountry "ROU"]
[SourceTitle "CBM 160 Extra"]
[Source "ChessBase"]
[SourceDate "2014.07.01"]
[SourceVersion "1"]
[SourceVersionDate "2014.07.01"]
[SourceQuality "1"]

1. e4 e5 2. Nf3 Nc6 3. Bc4 Be7 4. c3 Nf6 5. d3 0-0 6. Bb3 d6 7. h3 Be6 8. Nbd2 Qd7 9. Nc4 Bxc4 10. Bxc4 Na5 11. Bb3 Nxb3 12. Qxb3 c6 13. 0-0 Qc7 14. Re1 Qb6 15. Qxb6 axb6 16. d4 exd4 17. Nxd4 Rfe8 18. Bg5 h6 19. Bh4 g5 20. Bg3 Bf8 21. f3 d5 22. exd5 Nxd5 23. a3 Bc5 24. Bf2 Bxd4 25. Bxd4 b5 26. Rad1 Rac8 27. Bf2 Rcd8 28. Re4 Nf4 29. Rxe8+ Rxe8 30. Kf1 Re2 31. g3 Rxb2 32. gxf4 gxf4 33. Rd4 Rb3 34. Be1 Rxa3 35. Rxf4 Ra4 36. Rb4 Rxb4 37. cxb4 Kf8 38. Bd2 h5 39. Bc3 Ke7 40. Kg2 Ke6 41. f4 Kd5 42. Kg3 b6 43. Kh4 c5 44. Kxh5 cxb4 45. Bxb4 Kc4 46. Be7 b4 47. Bf6 b5 48. Kg5 b3 49. h4 b4 50. h5 Kd3 51. h6 Kc2 52. h7 b2 53. Bxb2 Kxb2 54. h8Q+ Ka2 55. Qh2+ 1-0

[Event "ROM-ch U16 Girls"]
[Site "Calimanesti"]
[Date "2013.04.07"]
[Round "8"]
[White "Prunariu, Ana Maria"]
[Black "Ungureanu, Maria Andreea"]
[Result "0-1"]
[WhiteElo "1684"]
[BlackElo "1683"]
[PlyCount "62"]
[EventDate "2013.04.02"]
[EventType "swiss"]
[EventRounds "9"]
[EventCountry "ROU"]
[SourceTitle "CBM 153 Extra"]
[Source "ChessBase"]
[SourceDate "2013.04.22"]
[SourceVersion "1"]
[SourceVersionDate "2013.04.22"]
[SourceQuality "1"]

1. e4 c5 2. Nf3 d6 3. d4 cxd4 4. Nxd4 Nf6 5. Nc3 g6 6. Be2 Bg7 7. 0-0 0-0 8. Be3 Nc6 9. Rb1 a6 10. h3 Bd7 11. Nb3 b5 12. a3 Ne5 13. Nd2 Qc7 14. f4 Nc6 15. Nb3 Rab8 16. Nd5 Nxd5 17. exd5 Na5 18. Nxa5 Qxa5 19. Bd2 Qc7 20. Be3 a5 21. Qd2 b4 22. axb4 Rxb4 23. c4 Bf5 24. Rbe1 Rxb2 25. Qc1 a4 26. Bd2 Qb6+ 27. Kh1 a3 28. Rf3 a2 29. Bc3 Rc2 30. Qa3 Bxc3 31. Rxc3 Qf2 0-1

[Event "ROM-ch U16 Girls"]
[Site "Calimanesti"]
[Date "2013.04.06"]
[Round "7"]
[White "Toma, Andreea Simona"]
[Black "Prunariu, Ana Maria"]
[Result "0-1"]
[WhiteElo "1364"]
[BlackElo "1684"]
[PlyCount "172"]
[EventDate "2013.04.02"]
[EventType "swiss"]
[EventRounds "9"]
[EventCountry "ROU"]
[SourceTitle "CBM 153 Extra"]
[Source "ChessBase"]
[SourceDate "2013.04.22"]
[SourceVersion "1"]
[SourceVersionDate "2013.04.22"]
[SourceQuality "1"]

1. d4 d6 2. Nf3 Nc6 3. c4 e5 4. d5 Nb8 5. e4 f5 6. Nc3 Nf6 7. Bd3 f4 8. 0-0 Be7 9. Be2 0-0 10. b4 Nbd7 11. a4 h6 12. Bb2 b6 13. Qc2 Nh7 14. Qd3 Ng5 15. h3 Qe8 16. Nb5 Nxf3+ 17. Qxf3 Bd8 18. Qh5 Nf6 19. Qxe8 Rxe8 20. f3 a6 21. Nc3 Nh5 22. Nd1 a5 23. b5 Bh4 24. Nf2 Nf6 25. Bc3 Rf8 26. Be1 Nd7 27. Nd3 Be7 28. Kh2 h5 29. g3 Bg5 30. Bf2 Kh7 31. Rg1 g6 32. Rg2 fxg3+ 33. Rxg3 Bf4 34. Nxf4 exf4 35. Rg5 Ne5 36. Rag1 Rg8 37. Bd4 Nf7 38. R5g2 Bd7 39. Bf6 Raf8 40. Be7 Re8 41. Bg5 Nxg5 42. Rxg5 Re5 43. Rxe5 dxe5 44. Rd1 g5 45. d6 c6 46. bxc6 Bxc6 47. d7 Rd8 48. Rd6 Bxa4 49. Rxb6 Rxd7 50. Kg1 Rc7 51. Re6 Rc5 52. Kf1 Bb3 53. Ke1 Kg7 54. Kd2 Kf7 55. Rh6 h4 56. Kc3 Ba4 57. Ra6 Bd7 58. Rd6 Bxh3 59. Kb3 Be6 60. Bf1 Ke7 61. Ra6 h3 62. Ra7+ Kf6 63. Rh7 Kg6 64. Re7 Rc6 65. Ra7 Rb6+ 66. Kc3 Rb1 67. Ra6 Rxf1 68. Rxe6+ Kh5 69. Rxe5 Rxf3+ 70. Kb2 h2 71. Re8 Kg4 72. Rh8 Rh3 73. Rxh3 Kxh3 74. e5 h1Q 75. e6 Qe4 76. c5 Qxe6 77. Ka3 Qc4 78. c6 Qxc6 79. Ka2 Qb5 80. Ka1 Qb4 81. Ka2 Kg3 82. Ka1 Kf3 83. Ka2 Ke3 84. Ka1 Kd3 85. Ka2 Kc2 86. Ka1 Qb2# 0-1

[Event "ROM-ch U16 Girls"]
[Site "Calimanesti"]
[Date "2013.04.05"]
[Round "5"]
[White "Prunariu, Ana Maria"]
[Black "Ciocan, Clara Theodora"]
[Result "0-1"]
[WhiteElo "1684"]
[BlackElo "1523"]
[PlyCount "96"]
[EventDate "2013.04.02"]
[EventType "swiss"]
[EventRounds "9"]
[EventCountry "ROU"]
[SourceTitle "CBM 153 Extra"]
[Source "ChessBase"]
[SourceDate "2013.04.22"]
[SourceVersion "1"]
[SourceVersionDate "2013.04.22"]
[SourceQuality "1"]

1. e4 e5 2. Nf3 Nc6 3. Bc4 Be7 4. c3 Nf6 5. d3 d6 6. h3 0-0 7. 0-0 d5 8. exd5 Nxd5 9. Re1 Bf6 10. Nbd2 Nb6 11. Ne4 Nxc4 12. Nxf6+ Qxf6 13. dxc4 Re8 14. Be3 Be6 15. b3 Rad8 16. Qe2 Qg6 17. Kh2 Qd3 18. Rac1 Qxe2 19. Rxe2 f6 20. Nd2 Bf5 21. f3 Rd3 22. Bf2 Red8 23. Nb1 R3d7 24. Be3 Bxb1 25. Rxb1 a6 26. b4 Ne7 27. g4 f5 28. Bg5 fxg4 29. fxg4 h6 30. Bh4 g5 31. Bg3 Rd2 32. Rb2 Rxb2 33. Rxb2 Ng6 34. Re2 Re8 35. Kg2 Kf7 36. Kf3 Nf4 37. Rh2 Rd8 38. Ke4 Ke6 39. Bxf4 exf4 40. Re2 Kf6 41. Rc2 Re8+ 42. Kf3 Re3+ 43. Kg2 Ke5 44. a4 b6 45. b5 a5 46. Rc1 Re4 47. Kf3 Rxc4 48. Re1+ Kf6 0-1